John Milton : (رقم التسجيلة. 19701)

تفاصيل مارك
000 -الفاتح
حقل البيانات ثابتة الطول 01066cam a2200301 a 4500
001 - رقم الضبط
رقم الضبط 16552487
003 - محدد رقم الضبط
رقم الضبط OSt
005 - وقت وتاريخ اخر تعامل مع التسجيلة
رقم الضبط 20150408113958.0
008 - عناصر البيانات ثابتة الطول - معلومات عامة
حقل البيانات ثابتة الطول 111213s2010 enk b 001 0 eng
010 ## - رقم ضبط مكتبة الكونجرس
رقم ضبط مكتبة الكونجرس 2010283348
020 ## - الرقم الدولى المعيارى للكتب
الرقم الدولى المعيارى للكتاب 9780197264706 (pbk.)
020 ## - الرقم الدولى المعيارى للكتب
الرقم الدولى المعيارى للكتاب 0197264700 (pbk.)
035 ## - رقم ضبط النظام
رقم ضبط النظام (OCoLC)ocn573152420
040 ## - مصدر الفهرسة
وكالة الفهرسة الأصلية UKM
وكالة النسخ MU
042 ## - رمز التحقق
رمز التحقق lccopycat
082 04 - رقم تصنيف ديوى العشرى
رقم التصنيف 821.4 J O M
رقم الطبعة 22
245 00 - بيان العنوان
العنوان John Milton :
بقية العنوان life, writing, reputation /
بيان المسئوليه,etc edited by Paul Hammond & Blair Worden.
260 ## - PUBLICATION, DISTRIBUTION, ETC. (IMPRINT)
مكان الناشر او الموزع Oxford ;
-- New York :
اسم الناشر او الموزع Oxford University Press,
تاريخ النشر أو التوزيع 2010.
300 ## - الوصف المادى
التعداد viii, 212 p. ;
أبعاد الوعاء 24 cm.
504 ## - تبصرة ببليوجرافية
تبصرة ببليوجرافية,الخ Includes bibliographical references (p. 203-208) and index.
600 10 - المدخل الاضافى بالموضوع-اسم شخصى
الإسم الشخصى Milton, John,
التواريخ المصاحبة للاسم 1608-1674
التقسيم الفرعي العام Criticism and interpretation.
9 (RLIN) 7550
600 10 - المدخل الاضافى بالموضوع-اسم شخصى
الإسم الشخصى Milton, John,
التواريخ المصاحبة للاسم 1608-1674
التقسيم الفرعي العام Influence.
9 (RLIN) 8264
700 1# - المدخل الاضافى - اسم شخصى
الإسم الشخصى Hammond, Paul,
التواريخ المصاحبة للاسم 1953-
9 (RLIN) 8265
700 1# - المدخل الاضافى - اسم شخصى
الإسم الشخصى Worden, Blair.
9 (RLIN) 8266
906 ## - عنصر بيانات محلى F, LDF (RLIN)
a 7
b cbc
c copycat
d 2
e ncip
f 20
g y-gencatlg
942 ## - عناصر المدخل الإضافي( كوها)
مصدر التصنيف او مخطط الترفيف Dewey Decimal Classification
Koha [default] item type DVD
المقتنيات
حالة الفقد نموذج السعر الفعال حالة تلف ليس للاعارة رقم الطلب رقم النسخة تاريخ الاكتساب الموقع الحالي الباركود الفرع الرئيسي Date last seen نوع المادة فى نظام كوها مصدر التصنيف او خطة الترفيف Total Checkouts
  2013-03-10     821.4 J O M n 1 2011-12-14 قسم الاجراءات الفنية (IC) 00100760 قسم الاجراءات الفنية (IC) 2013-03-10 كتاب Dewey Decimal Classification  
  2013-03-10     821.4 J O M n 2 2011-12-14 قسم الاجراءات الفنية (IC) 00100761 قسم الاجراءات الفنية (IC) 2013-03-10 كتاب Dewey Decimal Classification